| 000 | 00448nam a22001577a 4500 | ||
|---|---|---|---|
| 005 | 20160426160507.0 | ||
| 008 | 160426b xxu||||| |||| 00| 0 eng d | ||
| 020 | _aN/A | ||
| 041 | _aeng | ||
| 082 | _b00180 | ||
| 100 |
_aChhabra, Bhupendra Singh _984 |
||
| 245 | _aThe Intel 8066/8088 Micro processor Architechture, Programming, Design & Interfacing | ||
| 260 |
_aNew Delhi _bDhanpat Rai Publising Co. Pvt. Ltd. _c1988 |
||
| 300 | _a479 | ||
| 942 | _cBK | ||
| 999 |
_c59 _d59 |
||